| 000 | 01239cam a2200349 a 4500 | ||
|---|---|---|---|
| 003 | CHAP | ||
| 005 | 20220329142403.0 | ||
| 008 | 001027d1994 us r 00010 eng d | ||
| 010 | _a82737 | ||
| 011 | _a83709 | ||
| 035 | _a94224 | ||
| 040 | _cCHAP | ||
| 090 | _aR-3668 | ||
| 100 | 0 | 0 |
_aKennedy, Eileen T. _963035 |
| 245 | 1 | 0 |
_aAre pre-schoolers from female-headed households less malnourished? a comparative analysis of results from Ghana and Kenya _c/by Eileen Kennedy and Lawrence Haddad |
| 500 | _aSobretiro de: Journal of Development Studies 30 (3) : 680-695 April, 1994 | ||
| 590 |
_aBATCH-UPD _b10 _c20130110 _lUCH01 _h0457 |
||
| 590 |
_aBATCH-UPD _b10 _c20130110 _lUCH01 _h2248 |
||
| 590 |
_aBATCH-UPD _b10 _c20130410 _lUCH01 _h0135 |
||
| 590 |
_aBATCH-UPD _b10 _c20130410 _lUCH01 _h1541 |
||
| 590 |
_aBATCH-UPD _b10 _c20130914 _lUCH01 _h1340 |
||
| 590 |
_aCONVERSION _b10 _c20130109 _lUCH01 _h1346 |
||
| 650 | 1 | 4 |
_aEscolares _xAlimentación. _937562 |
| 650 | 1 | 4 |
_aFamilia. _939405 |
| 650 | 1 | 4 |
_aNutrición _xGhana. _982258 |
| 650 | 1 | 4 |
_aNutrición _xKenia. _982262 |
| 700 | 0 |
_aHaddad, Lawrence J. _952184 |
|
| 901 | _aBK | ||
| 905 | _aMarco A. Mendoza T. | ||
| 942 | _cREIMP | ||
| 949 |
_aR-3668 _bBC _cR _d33724002016124 _eTS1 _i94224 _sb |
||
| 999 |
_c82737 _d82737 |
||